Sandra / (Record no. 102334)

MARC details
000 -LEADER
campo de control de longitud fija 00509nam a2200193 i 4500
001 - NÚMERO DE CONTROL
campo de control 102334
003 - IDENTIFICADOR DE NÚMERO DE CONTROL
campo de control ES-MaACL
005 - FECHA Y HORA DE LA ÚLTIMA TRANSACCIÓN
campo de control 20230906183104.0
007 - CAMPO FIJO DE DESCRIPCIÓN FÍSICA--INFORMACIÓN GENERAL
campo de control de longitud fija t|
008 - DATOS DE LONGITUD FIJA--INFORMACIÓN GENERAL
campo de control de longitud fija 051108s1952 sp ||||1| spa d
100 1# - ENTRADA PRINCIPAL--NOMBRE DE PERSONA
Nombre de persona Meneses, Rodolfo de.
9 (RLIN) 80344
245 10 - MENCIÓN DEL TÍTULO
Título Sandra /
Mención de responsabilidad, etc. Rodolfo de Meneses.
260 ## - PUBLICACIÓN, DISTRIBUCIÓN, ETC.
Lugar de publicación, distribución, etc. Madrid :
Nombre del editor, distribuidor, etc. Ensayos,
Fecha de publicación, distribución, etc. 1952.
300 ## - DESCRIPCIÓN FÍSICA
Extensión 241 p. ;
Dimensiones 17 cm.
490 1# - MENCIÓN DE SERIE
Mención de serie Galatea ;
Designación de volumen o secuencia VII
830 0# - PUNTO DE ACCESO ADICIONAL DE SERIE-TÍTULO UNIFORME
Título uniforme Galatea ;
Designación de volumen o secuencia VII
9 (RLIN) 184628
852 ## - LOCALIZACIÓN
Ubicación ES-MaACL
Número de control de estantería D-9204
Sublocalización o colección R.33497
Holdings
Estatus retirado Estado de pérdida Estado de daño No para préstamo Biblioteca de origen Biblioteca actual Ubicación en estantería Fecha de adquisición Fuente de adquisición Total de préstamos Signatura topográfica completa Código de barras Visto por última vez Precio de reemplazo Tipo de ítem Koha
        Biblioteca del Ateneo de Madrid Biblioteca del Ateneo de Madrid Sala Valle Inclán 17/01/2008     D-9204 901106822 23/02/2023 23/02/2023 Libro impreso